01526cam a22004334i 4500003000900000005001700009008004100026035001900067035001900086040003300105082001700138100003000155245007700185264000500262336002100267337002500288338002300313526001000336526001000346526000900356526000900365526000900374526000900383526000900392526000900401526000900410526000800419526000800427526000800435526000800443526000800451942001400459949018700473994001400660596000600674999021700680980005500897952014000952PE-LiUPU20250731165542.0150625s r 000 0 d a(Sirsi) a33566 a(Sirsi) a33566 aPE-LiUPUbspacPE-LiUPUerda04a932bP662211 aPirenne, Jacques,eautor.10aHistoria de la civilización del antiguo Egipto.n3 /cJacques Pirenne. 1a atext2rdacontent aunmediated2rdamedia avolume2rdacarrier aSEG44 aSEG26 aP151 aP150 aP149 aP146 aP145 aP126 aP125 aP92 aP75 aP74 aP27 aP15 2ddccBOOK aRC 932 P66 3wDEWEYc1i05871lRCmBULr0sYtBOOKu2015-6-25xBIBLIOTECAzUNKNOWN0COMPRAo.CIRCNOTE. No olvidar cambiar la fecha de devolución!!!!!!!o.STAFF. Colección General aC0bPEPRU a1 aRC 932 P66 3wDEWEYc41327i05871f2021-11-8g5lCCODEBUL1mBULr1sYtBOOKu2015-6-25xTEOLOGIAzUNKNOWN0COMPRAo.CIRCNOTE. No olvidar cambiar la fecha de devolución!!!!!!!o.STAFF. Colección Generald41327 81gALBERTO SANCHEZ Responsable de Automatización r2025-12-02 00:00:00i6l0oRC 932 P66 3p05871te1w2015-06-25xFACIHEDyREF102ddc50718REFfP14aBULbBULcREFd2015-06-25eCOMPRA